LIBRARY ONLINE CATALOGUE

Mine boy / (Record no. 13048)

MARC details
000 -LEADER
fixed length control field 00498cam a22001812 4500
001 - CONTROL NUMBER
control field 0000007242
005 - DATE AND TIME OF LATEST TRANSACTION
control field 20151217155832.0
008 - FIXED-LENGTH DATA ELEMENTS--GENERAL INFORMATION
fixed length control field 071206s xx 000 0 eng d
020 ## - INTERNATIONAL STANDARD BOOK NUMBER
International Standard Book Number 9966469001 :
Terms of availability KES 345
040 ## - CATALOGING SOURCE
Original cataloging agency KABU
Transcribing agency KABU
100 1# - MAIN ENTRY--PERSONAL NAME
Personal name Abrahams, Peter.
-- 0000158408
245 10 - TITLE STATEMENT
Title Mine boy /
Statement of responsibility, etc. Peter Abrahams.
260 ## - PUBLICATION, DISTRIBUTION, ETC. (IMPRINT)
Place of publication, distribution, etc. Nairobi :
Name of publisher, distributor, etc. E. A. E. P.,
Date of publication, distribution, etc. 1963.
300 ## - PHYSICAL DESCRIPTION
Extent 184 p.
908 ## - PUT COMMAND PARAMETER (RLIN)
Put command parameter 071206
950 ## - LOCAL HOLDINGS (RLIN)
-- 1
Holdings
Withdrawn status Lost status Source of classification or shelving scheme Not for loan Home library Current library Date acquired Total Checkouts Full call number Barcode Date last seen Date last checked out Price effective from Koha item type
    Library of Congress Classification   Kabarak, Main Campus Kabarak, Main Campus 17/12/2015 7 PR9369.3 .A27M56 1963 011441 30/06/2018 14/06/2018 17/12/2015 Africana Collection